000 01442nam0a2200337 4500
001 RU\NLR\bibl\548790
005 20250609160038.0
010 _a5-89826-221-0
_91000
021 _aRU
_b2004-43692
_92167
035 _a(NLR Aleph) 000540978
090 _a1412704
_c1412704
100 _a20040903d2004 |||y0rusy50 ca
101 1 _arus
_ceng
102 _aRU
105 _aa |||||||||
200 1 _aТоталитаризм и авангард
_eВ преддверии запредельного
_fФилипп Серс
_g[Пер. с англ. Дубин С.Б.]
210 _aМ.
_cПрогресс-Традиция
_d2004
215 _a332, [3] с.
_cил.
_d22
300 _aПер. изд.: Totalitarizme et avant-gardes : Au seuil de la transcedance / Philippe Sers. - Paris, 2001
320 _aБиблиогр. в подстроч. примеч.
320 _aУказ. терминов: с. 323-324
320 _aУказ. имен: с. 325-330
454 0 _12001#$aTotalitarizme et avant-gardes$eAu seuil de la transcedance
_1210##$aParis$d2001
_1700#1$aSers$bP.$gPhilippe$4070
_tTotalitarizme et avant-gardes
_aSers, Philippe
606 0 _aФилософия французская
_z20 - 21 вв.
_92106725
_3RU\NLR\auth\661577182
686 _aЮ3(4Фр)63
700 1 _aСерс
_bФ.
_gФилипп
_4070
801 0 _aRU
_bNLR
_c20040903
_gPSBO
801 1 _aRU
_bNLR
_c20040903
942 _cBOOK
980 _aNB